<?xml version="1.0" encoding="UTF-8"?>
<record
    xmlns:xsi="http://www.w3.org/2001/XMLSchema-instance"
    xsi:schemaLocation="http://www.loc.gov/MARC21/slim http://www.loc.gov/standards/marcxml/schema/MARC21slim.xsd"
    xmlns="http://www.loc.gov/MARC21/slim">

  <leader>01109nam a2200241Ia 4500</leader>
  <controlfield tag="003">IN-BaIIA</controlfield>
  <controlfield tag="008">211028s9999    xx            000 0 eng d</controlfield>
  <datafield tag="020" ind1=" " ind2=" ">
    <subfield code="a">0-521-84758-3</subfield>
  </datafield>
  <datafield tag="040" ind1=" " ind2=" ">
    <subfield code="c">IIA Library</subfield>
  </datafield>
  <datafield tag="080" ind1=" " ind2=" ">
    <subfield code="a">524.834(082.2)</subfield>
    <subfield code="b">PLA</subfield>
  </datafield>
  <datafield tag="111" ind1=" " ind2=" ">
    <subfield code="a">Space Telescope Science Institute Symposium</subfield>
    <subfield code="c">USA</subfield>
    <subfield code="d">2004 May 3-6</subfield>
    <subfield code="9">30501</subfield>
  </datafield>
  <datafield tag="245" ind1=" " ind2="0">
    <subfield code="a">Planets to cosmology-essential science in the final years of the hubble space telescope</subfield>
    <subfield code="b">proceedings of the space telescope science institute symposium held in Baltimore, USA, 3--6 May 2004</subfield>
    <subfield code="c">edited by Mario Livio and Stefano Casertano                                                 </subfield>
  </datafield>
  <datafield tag="260" ind1=" " ind2=" ">
    <subfield code="a">Cambridge</subfield>
    <subfield code="b">Cambridge University Press</subfield>
    <subfield code="c">2006</subfield>
  </datafield>
  <datafield tag="300" ind1=" " ind2=" ">
    <subfield code="a">xi, 203p.</subfield>
  </datafield>
  <datafield tag="490" ind1=" " ind2=" ">
    <subfield code="a">Space telescope science institute symposium series; 18</subfield>
  </datafield>
  <datafield tag="650" ind1=" " ind2=" ">
    <subfield code="a">Astronomy - research - congresses</subfield>
    <subfield code="9">30502</subfield>
  </datafield>
  <datafield tag="650" ind1=" " ind2=" ">
    <subfield code="a">Hubble space telescope(Spacecraft)</subfield>
    <subfield code="9">30503</subfield>
  </datafield>
  <datafield tag="650" ind1=" " ind2=" ">
    <subfield code="a">Space telescopes - research - congresses</subfield>
    <subfield code="9">30504</subfield>
  </datafield>
  <datafield tag="700" ind1=" " ind2=" ">
    <subfield code="a">Casertano, Stefano, ed.</subfield>
    <subfield code="9">17393</subfield>
  </datafield>
  <datafield tag="700" ind1=" " ind2=" ">
    <subfield code="a">Livio, Mario, ed.</subfield>
    <subfield code="9">13149</subfield>
  </datafield>
  <datafield tag="710" ind1=" " ind2=" ">
    <subfield code="a">Space telescope science institute</subfield>
    <subfield code="9">22572</subfield>
  </datafield>
  <datafield tag="942" ind1=" " ind2=" ">
    <subfield code="c">BK</subfield>
  </datafield>
  <datafield tag="999" ind1=" " ind2=" ">
    <subfield code="c">16441</subfield>
    <subfield code="d">16441</subfield>
  </datafield>
  <datafield tag="952" ind1=" " ind2=" ">
    <subfield code="0">0</subfield>
    <subfield code="1">0</subfield>
    <subfield code="4">0</subfield>
    <subfield code="7">0</subfield>
    <subfield code="a">BAN</subfield>
    <subfield code="b">BAN</subfield>
    <subfield code="c">GEN</subfield>
    <subfield code="d">2007-03-12</subfield>
    <subfield code="e">FBB   </subfield>
    <subfield code="g">5290.80</subfield>
    <subfield code="l">0</subfield>
    <subfield code="o">524.834(082.2)/ PLA</subfield>
    <subfield code="p">17363</subfield>
    <subfield code="r">2021-11-05</subfield>
    <subfield code="v">5290.80</subfield>
    <subfield code="w">2007-03-12</subfield>
    <subfield code="y">BK</subfield>
    <subfield code="G">Rs. 5290.80  </subfield>
  </datafield>
</record>
